Online Catalogue and eLibrary

Thamilaka Munnodikal: (Record no. 4277)

MARC details
000 -LEADER
fixed length control field 00648nam a2200145Ia 4500
005 - DATE AND TIME OF LATEST TRANSACTION
control field 20250227041736.0
008 - FIXED-LENGTH DATA ELEMENTS--GENERAL INFORMATION
fixed length control field 240331s9999 xx 000 0 und d
082 ## - DDC Classification
Item Number - Author Mark VEE
DDC Edition Number 2179
Class No. 920
100 ## - MAIN ENTRY--PERSONAL NAME
Personal name Veeramani, K
245 #0 - TITLE STATEMENT
Title Thamilaka Munnodikal:
Remainder of title Thanthai Periyar
260 ## - PUBLICATION, DISTRIBUTION, ETC.
Place of publication, distribution, etc. Chennai
Name of publisher, distributor, etc. Periyar Suyamariyaathai Pirachchaara Niruvana Veliyidu
Date of publication, distribution, etc. 1994
300 ## - PHYSICAL DESCRIPTION
Extent (e.g. Volumes, Pages etc.) 26 p.,
500 ## - GENERAL NOTE
General note Biography of E. V. Ramasamy, also known as Thanthai Periyar, a prominent social reformer, thinker, and activist from Tamil Nadu, India, widely known for his efforts to eradicate caste discrimination, promote rationalism, and work toward social justice.
942 ## - Koha item type (Biblio)
Koha item type Books in Stacks (Lending)
Holdings
Lost status Damaged status Collection code Home library Current library Shelving location Date acquired Full call number Accession Number Item type
    Lending WERC Library WERC Library Social Science Cupboard 03/31/2024 920 VEE 2179 Books in Stacks (Lending)

© WERC Library